000 00608nam a2200193 a 4500
001 BRCA_8429
005 20190320210257.0
008 100915s2015----mx-a######---#000-0#spa-#
020 _a9786076053454
041 _aspa
050 4 _bM54 2015
245 1 0 _aMiguel Ángel Buonarroti
_bun artista entre dos mundos.
260 _aMéxico
_bINBA : Museo del Palacio de Bellas Artes
_c2015
300 _a367 p.
_bil. (algunas a color)
_c25 cm.
500 _aIncluye lista catalográfica y lista de figuras
504 _aBibliografía : p. 343-352
600 1 4 _aBuonarroti, Miguel Ángel
_921113
942 _2lcc
_cB
999 _c8096
_d8096